000 00294nam a22001337a 4500
008 180111b xxu||||| |||| 00| 0 eng d
020 _a9781575178165
041 _aeng
080 _a37
100 _a46
101 _aEDU
245 _aHow to grade for learning
_cO'CONNOR,K
942 _2udc
_cBK
999 _c40109
_d40109